000 00537nam a2200169 a 4500
001 BRCA_1409
005 20190320203420.0
008 820714s1951 mx-a---###---#000-0#spa-#
050 4 _aLE7.M4
_b.A88 1951
100 1 _aAttolini, José
_94607
245 1 0 _aLas finanzas de la Universidad a través del tiempo
_cJosé Attolini.
260 _a[México]
_bEscuela Nacional de Economía
_c1951
300 _a91 p.
_bil.
_c24 cm.
504 _aBibliografía: p. 85-87
610 2 4 _aMéxico (Ciudad)
_bUniversidad Nacional.
_94608
942 _2lcc
_cB
999 _c1271
_d1271